[Event "9.Offene Senioren SH 2015"]
[Site "Buesum"]
[Date "2015.09.30"]
[Round "3.53"]
[White "Linz, Stefan"]
[Black "Nickel, Juergen"]
[Result "0-1"]
[WhiteElo "1695"]
[BlackElo "1899"]
[PlyCount "94"]
[EventDate "2015.??.??"]
[WhiteTeam "SC Bad Marienberg"]
[BlackTeam "Flensburger SK"]

1. d4 Nf6 2. Bg5 d6 3. Nd2 c6 4. c3 Nbd7 5. Ngf3 Qc7 6. e3 g6 7. Be2 Bg7 8. Bh4
O-O 9. h3 Re8 10. Bg3 e5 11. dxe5 dxe5 12. O-O b5 13. a3 Bb7 14. Qb3 a6 15. Rad1
Rad8 16. Ng5 Re7 17. Bf3 Rde8 18. Qc2 c5 19. Bxb7 Qxb7 20. Nge4 Qc6 21. Bh4 h6
22. Nxf6+ Bxf6 23. Bxf6 Nxf6 24. f3 c4 25. Kh1 e4 26. f4 Nd5 27. Rfe1 f5 28. Nf1
Rd7 29. Qf2 Red8 30. Rd4 Nc7 31. Red1 Ne6 32. R4d2 Nc5 33. Qg3 Kh7 34. Qe1 Rd3
35. g4 Nb3 36. Rxd3 exd3+ 37. Kh2 Qf3 38. Ng3 fxg4 39. hxg4 Re8 40. Qg1 Qxe3 41.
Qg2 Re7 42. f5 gxf5 43. gxf5 d2 44. Rf1 Qg5 45. Qf3 Qf6 46. Qd1 Re3 47. Rf3 Re1
0-1

[Event "9.Offene Senioren SH 2015"]
[Site "Buesum"]
[Date "2015.09.30"]
[Round "3.54"]
[White "Ungar, Benedict"]
[Black "Kluegel, Jan"]
[Result "0-1"]
[WhiteElo "1690"]
[BlackElo "1882"]
[PlyCount "74"]
[EventDate "2015.??.??"]
[WhiteTeam "Delmenhorster SK"]
[BlackTeam "SV VHS Rendsburg"]

1. Nf3 Nf6 2. g3 c6 3. Bg2 d5 4. O-O Bf5 5. d3 h6 6. c4 e6 7. cxd5 exd5 8. Qb3
Qb6 9. Be3 Qxb3 10. axb3 a6 11. Nc3 Nbd7 12. Bd2 Bb4 13. Nxd5 Nxd5 14. e4 N7f6
15. exd5 Nxd5 16. Rae1+ Kf8 17. Bxb4+ Nxb4 18. Re5 Bxd3 19. Rd1 f6 20. Re6 Kf7
21. Re3 Rad8 22. Rde1 Rhe8 23. Bh3 Rxe3 24. Rxe3 Re8 25. Rxe8 Kxe8 26. Bc8 b6
27. Nd4 g6 28. Be6 Ke7 29. Bc4 Kd6 30. f4 Bxc4 31. bxc4 Kc5 32. Ne6+ Kxc4 33. f5
g5 34. g4 Nd3 35. Nd8 Ne5 36. h3 a5 37. Nb7 Kb3 0-1

[Event "9.Offene Senioren SH 2015"]
[Site "Buesum"]
[Date "2015.09.30"]
[Round "3.55"]
[White "Bachmann, Friedrich"]
[Black "Fleischer, Martin"]
[Result "1-0"]
[WhiteElo "1675"]
[BlackElo "1872"]
[PlyCount "103"]
[EventDate "2015.??.??"]
[WhiteTeam "SC Bad Salzdetfurth"]
[BlackTeam "SV Einheit Schwerin"]

1. e4 e6 2. Nc3 a6 3. d4 d5 4. exd5 exd5 5. Bd3 Nf6 6. Nge2 Bd6 7. Bf4 O-O 8.
Bg5 c6 9. Bf4 Re8 10. Bxd6 Qxd6 11. f3 g6 12. Qd2 Qb4 13. O-O-O b5 14. a3 Qd6
15. Qf4 Qxf4+ 16. Nxf4 Nbd7 17. Rde1 Bb7 18. h4 a5 19. g4 Nf8 20. g5 N6d7 21.
Re2 Rxe2 22. Ncxe2 b4 23. a4 c5 24. b3 Re8 25. Kd2 Ne6 26. Bb5 Rd8 27. Nxe6 fxe6
28. h5 cxd4 29. hxg6 e5 30. gxh7+ Kh8 31. Ng3 Nf8 32. Bd3 Rd6 33. Nf5 Rg6 34.
Nh6 Rg7 35. g6 e4 36. Nf7+ Rxf7 37. gxf7 exd3 38. Kxd3 Bc8 39. Rg1 Bf5+ 40. Kxd4
Bxh7 41. Kxd5 Bg6 42. Rxg6 Nxg6 43. Kc5 Kg7 44. Kb5 Ne5 45. f4 Nf3 46. Kxa5 Nd4
47. Kxb4 Nxc2+ 48. Kc5 Kxf7 49. a5 Ne1 50. f5 Nd3+ 51. Kb5 Ne5 52. a6 1-0

[Event "9.Offene Senioren SH 2015"]
[Site "Buesum"]
[Date "2015.09.30"]
[Round "3.56"]
[White "Henniges, Erhard"]
[Black "Jung, Michael"]
[Result "0-1"]
[WhiteElo "1630"]
[BlackElo "1828"]
[PlyCount "86"]
[EventDate "2015.??.??"]
[WhiteTeam "SV Magdeburg"]
[BlackTeam "SV Osnabrueck"]

1. c4 c6 2. Nc3 d5 3. cxd5 cxd5 4. d4 Nf6 5. g3 a6 6. Bg2 Nc6 7. Nf3 e6 8. a3
Be7 9. O-O O-O 10. b4 b5 11. Bf4 Bb7 12. Rc1 Rc8 13. Ne1 Qb6 14. Be3 a5 15. Nd3
axb4 16. axb4 Nxb4 17. Nxb4 Bxb4 18. Qb3 Bxc3 19. Rxc3 Rxc3 20. Qxc3 Rc8 21. Qb2
Rc4 22. Rc1 Rxc1+ 23. Qxc1 h6 24. f3 b4 25. Bf2 Ba6 26. e4 Bc4 27. Be3 b3 28.
Qb2 Qa5 29. Bd2 Qa2 30. Bc3 Nd7 31. Kf2 Nb6 32. Qxa2 bxa2 33. Ba1 Kf8 34. Ke3
Ke7 35. e5 Kd7 36. Kd2 Kc6 37. f4 Kb5 38. Bf3 Kb4 39. Bd1 Bb3 40. Bc3+ Ka3 41.
Bxb3 Kxb3 42. Ba1 Nc4+ 43. Kc1 Ne3 0-1

[Event "9.Offene Senioren SH 2015"]
[Site "Buesum"]
[Date "2015.09.30"]
[Round "3.57"]
[White "Baumast, Bernd"]
[Black "Westphal-Stubbe, Siegbert"]
[Result "0-1"]
[WhiteElo "1541"]
[BlackElo "1822"]
[PlyCount "94"]
[EventDate "2015.??.??"]
[WhiteTeam "SV Bad Oldesloe"]
[BlackTeam "SG Ploener See"]

1. b4 b6 2. Bb2 Nf6 3. e3 a6 4. Nf3 d6 5. Be2 Bb7 6. d3 c5 7. a3 Nc6 8. Nbd2
cxb4 9. axb4 Nxb4 10. c3 Nc6 11. c4 e6 12. O-O Be7 13. Nd4 Nxd4 14. Bxd4 e5 15.
Bc3 O-O 16. f4 Nd7 17. Bf3 Bxf3 18. Rxf3 Bf6 19. f5 Qc7 20. e4 b5 21. Rh3 Rfb8
22. Qh5 Nf8 23. g4 g6 24. fxg6 fxg6 25. Qh6 Qe7 26. Qe3 b4 27. Bb2 Bg5 28. Qe2
Ne6 29. Rf3 Nf4 30. Qd1 Qa7+ 31. Kh1 Qg7 32. Qb3 Qf7 33. Nf1 Qe6 34. Ne3 a5 35.
Nd5 Nxd5 36. cxd5 Qxg4 37. d4 Qxe4 38. dxe5 Rf8 39. Raf1 Rxf3 40. Rxf3 Rf8 41.
Kg2 Rxf3 42. Qxf3 Qxf3+ 43. Kxf3 dxe5 44. d6 a4 45. d7 a3 46. Bxe5 b3 47. Bf6
Bxf6 0-1

[Event "9.Offene Senioren SH 2015"]
[Site "Buesum"]
[Date "2015.09.30"]
[Round "3.58"]
[White "Lueders, Guenter"]
[Black "Schumacher, Ursula"]
[Result "1-0"]
[WhiteElo "1796"]
[BlackElo "1670"]
[PlyCount "47"]
[EventDate "2015.??.??"]
[WhiteTeam "TSV Benshausen"]
[BlackTeam "HTC Bad Neuenahr"]

1. d4 c6 2. Nf3 d5 3. Bf4 Bf5 4. Nbd2 h6 5. e3 e6 6. Be2 Nd7 7. O-O Ngf6 8. h3
Be7 9. c4 b6 10. Rc1 O-O 11. Qa4 Qc8 12. cxd5 exd5 13. Rxc6 Qe8 14. Rc7 a5 15.
Rfc1 Nb8 16. Qxe8 Nxe8 17. Rxe7 Nd7 18. Bb5 Ndf6 19. Bxe8 Nxe8 20. Rb7 Ra6 21.
Rc6 Nf6 22. Rcxb6 Rxb6 23. Rxb6 Rc8 24. Rb8 1-0

[Event "9.Offene Senioren SH 2015"]
[Site "Buesum"]
[Date "2015.09.30"]
[Round "3.59"]
[White "Duijker, Bert"]
[Black "Moeller, Bernd"]
[Result "1/2-1/2"]
[WhiteElo "1907"]
[BlackElo "1576"]
[PlyCount "27"]
[EventDate "2015.??.??"]
[WhiteTeam "Veenendaal"]
[BlackTeam "SV Bad Schwartau"]

1. Nf3 Nf6 2. c4 d6 3. d4 e6 4. Nc3 c6 5. e4 Be7 6. Bf4 h6 7. h3 O-O 8. Bd3 Nbd7
9. O-O Nh7 10. Qc2 Nb6 11. e5 f5 12. exd6 Bxd6 13. Bxd6 Qxd6 14. c5 1/2-1/2

[Event "9.Offene Senioren SH 2015"]
[Site "Buesum"]
[Date "2015.09.30"]
[Round "3.60"]
[White "Komeinda, Josef"]
[Black "Reutimann, Hans Peter"]
[Result "1/2-1/2"]
[WhiteElo "1644"]
[BlackElo "1780"]
[PlyCount "82"]
[EventDate "2015.??.??"]
[WhiteTeam "Elberfelder SG"]
[BlackTeam "SC Duebendorf"]

1. Nf3 d5 2. d4 Nf6 3. c3 Bf5 4. Nbd2 e6 5. e3 c6 6. Qb3 Qb6 7. Ne5 Nbd7 8. Ndf3
Be7 9. Be2 Qc7 10. h3 O-O 11. Bd2 a6 12. Rc1 Ne4 13. Nxd7 Qxd7 14. O-O b5 15.
Qd1 a5 16. a3 h6 17. Ne5 Qc7 18. b4 f6 19. Nd3 Ng5 20. Ne1 e5 21. dxe5 fxe5 22.
Nf3 Nh7 23. Nh2 e4 24. Bg4 Bg6 25. Be6+ Kh8 26. f4 exf3 27. Rxf3 Ng5 28. Rxf8+
Rxf8 29. Bg4 Qe5 30. Qe2 Bd6 31. Nf1 Ne4 32. Be1 a4 33. Bf3 Ng5 34. Bg3 Qf6 35.
Bxd6 Qxd6 36. Rd1 Qf6 37. Rd4 Nxf3+ 38. Qxf3 Qxf3 39. gxf3 Rxf3 40. Kg2 Rf7 41.
Rf4 Rc7 1/2-1/2

[Event "9.Offene Senioren SH 2015"]
[Site "Buesum"]
[Date "2015.09.30"]
[Round "3.61"]
[White "Petersen, Kay"]
[Black "Petersen, Guenter"]
[Result "1-0"]
[WhiteElo "1746"]
[BlackElo "1609"]
[PlyCount "57"]
[EventDate "2015.??.??"]
[WhiteTeam "Heikendorfer SV"]
[BlackTeam "Segeberger SF"]

1. e4 e5 2. Nf3 Nc6 3. d4 exd4 4. Nxd4 Nf6 5. Qd3 Ne5 6. Qe2 Bc5 7. c3 O-O 8. f3
d5 9. Bg5 dxe4 10. Bxf6 Qxf6 11. fxe4 Re8 12. Nd2 Qe7 13. O-O-O Bg4 14. N4f3
Rad8 15. Nb3 Rxd1+ 16. Qxd1 Rd8 17. Nbd4 Nc6 18. Qc2 Bxd4 19. cxd4 Nxd4 20. Nxd4
c5 21. Nf3 Bxf3 22. gxf3 Qg5+ 23. Kb1 Qe3 24. Qe2 Qf4 25. Kc2 c4 26. h3 c3 27.
bxc3 a6 28. Bg2 Qd6 29. Rd1 1-0

[Event "9.Offene Senioren SH 2015"]
[Site "Buesum"]
[Date "2015.09.30"]
[Round "3.62"]
[White "Geibel, Henning"]
[Black "Moeller, Peter"]
[Result "0-1"]
[WhiteElo "1470"]
[BlackElo "1735"]
[PlyCount "120"]
[EventDate "2015.??.??"]
[WhiteTeam "SV Bargteheide"]
[BlackTeam "ASV Wismar"]

1. e4 d5 2. e5 Bf5 3. d4 e6 4. Bd2 Nd7 5. Nf3 c5 6. Be3 cxd4 7. Bxd4 a6 8. Be2
Ne7 9. O-O Nc6 10. Bc3 Bc5 11. Bd3 Bg4 12. h3 Bxf3 13. Qxf3 Ncxe5 14. Bxe5 Nxe5
15. Qg3 Qf6 16. c3 O-O 17. Nd2 Rad8 18. b4 Bd6 19. Qe3 Rc8 20. Rac1 Nxd3 21.
Qxd3 Be5 22. c4 dxc4 23. Nxc4 Rfd8 24. Qe4 Bf4 25. Ne3 Bxe3 26. Qxe3 h6 27. Rxc8
Rxc8 28. Rc1 Qd8 29. a4 Rxc1+ 30. Qxc1 Qd7 31. a5 f6 32. Qc4 Kh8 33. Qc5 e5 34.
Kh1 Kg8 35. Kg1 Qc6 36. Qe7 e4 37. Qd8+ Kh7 38. Qb8 Qd7 39. Qg3 Qe7 40. Qb3 f5
41. b5 axb5 42. Qxb5 Qf7 43. a6 bxa6 44. Qxa6 Qg6 45. Qe2 f4 46. Kh2 Qf5 47. g4
fxg3+ 48. fxg3 Qf3 49. Qxf3 exf3 50. Kg1 Kg6 51. Kf2 Kf5 52. Kxf3 g6 53. g4+ Ke5
54. Kg3 Ke4 55. h4 Ke3 56. g5 h5 57. Kg2 Kf4 58. Kh3 Kf3 59. Kh2 Kg4 60. Kg2
Kxh4 0-1

[Event "9.Offene Senioren SH 2015"]
[Site "Buesum"]
[Date "2015.09.30"]
[Round "3.63"]
[White "Schuller, Erhard"]
[Black "Harders, Werner"]
[Result "1/2-1/2"]
[WhiteElo "1733"]
[BlackElo "1569"]
[PlyCount "41"]
[EventDate "2015.??.??"]
[WhiteTeam "SV Morsbach"]
[BlackTeam "SK Kaltenkirchen"]

1. Nf3 d5 2. g3 e6 3. Bg2 f5 4. b3 Nf6 5. Bb2 Bd6 6. O-O O-O 7. d3 f4 8. Nbd2
fxg3 9. fxg3 Nc6 10. Kh1 Ng4 11. Qc1 Ne3 12. Re1 Nb4 13. Rg1 Nbxc2 14. Rb1 Nb4
15. Qc3 Qe7 16. d4 Ng4 17. Rgf1 Nxa2 18. Qd3 Nb4 19. Qc3 Na2 20. Qd3 Nb4 21. Qc3
1/2-1/2

[Event "9.Offene Senioren SH 2015"]
[Site "Buesum"]
[Date "2015.09.30"]
[Round "3.64"]
[White "Wiebke, Elfriede"]
[Black "Graffenberger, Wilhelm"]
[Result "0-1"]
[WhiteElo "1338"]
[BlackElo "1730"]
[PlyCount "62"]
[EventDate "2015.??.??"]
[WhiteTeam "Segeberger SF"]
[BlackTeam "Hamburger SK"]

1. e4 c5 2. Bc4 e6 3. Nf3 Nc6 4. a3 Nge7 5. O-O g6 6. c3 Bg7 7. Re1 O-O 8. d3 d5
9. exd5 exd5 10. Bb5 a6 11. Bxc6 Nxc6 12. h3 Be6 13. Be3 d4 14. Bd2 Bf5 15. Bf4
Qb6 16. b3 dxc3 17. Be5 Nxe5 18. Nxe5 Rfe8 19. Nxc3 Bxe5 20. Nd5 Qd6 21. Qf3
Bxa1 22. Rxa1 Rad8 23. Rd1 Qxd5 24. Qxd5 Rxd5 25. b4 cxb4 26. axb4 Rxd3 27. Rc1
Rb3 28. Rc4 Re1+ 29. Kh2 Rbb1 30. Kg3 Rb3+ 31. f3 Re4 0-1

[Event "9.Offene Senioren SH 2015"]
[Site "Buesum"]
[Date "2015.09.30"]
[Round "3.65"]
[White "Van Houten, Henk"]
[Black "Graffenberger, Marianne"]
[Result "1-0"]
[WhiteElo "1729"]
[BlackElo "1540"]
[PlyCount "95"]
[EventDate "2015.??.??"]
[WhiteTeam "SC Gronau"]
[BlackTeam "Hamburger SK"]

1. b3 e5 2. Bb2 d6 3. d3 Nc6 4. Nf3 Nf6 5. Nbd2 Be7 6. g3 Be6 7. Bg2 O-O 8. O-O
Bf5 9. e4 Bg6 10. Nc4 b5 11. Ne3 Rb8 12. Nd5 a6 13. Nxe7+ Qxe7 14. Qd2 Rfd8 15.
Nh4 Nd4 16. Nxg6 fxg6 17. c3 Ne6 18. Qe2 c5 19. f3 Ng5 20. Bc1 Nf7 21. Be3 d5
22. Bf2 d4 23. c4 b4 24. a3 a5 25. axb4 axb4 26. Ra5 Ra8 27. Rfa1 Rxa5 28. Rxa5
Qc7 29. Qa2 h6 30. h4 Nd7 31. Bh3 Nd6 32. Be6+ Kh7 33. Ra7 Nb7 34. Bd5 Rb8 35.
Qa6 Qb6 36. Qxb6 Nxb6 37. Bxb7 h5 38. Bc6 Nc8 39. Ra5 Ne7 40. Ba4 Rc8 41. f4
exf4 42. gxf4 Rf8 43. Bg3 Rc8 44. Ra7 Nc6 45. Ra6 Ne7 46. Kf2 Rf8 47. Re6 Nc8
48. Rc6 1-0

[Event "9.Offene Senioren SH 2015"]
[Site "Buesum"]
[Date "2015.09.30"]
[Round "3.66"]
[White "Ludwig, Richard"]
[Black "Luebbers, Doris"]
[Result "1/2-1/2"]
[WhiteElo "1670"]
[BlackElo "1527"]
[PlyCount "54"]
[EventDate "2015.??.??"]
[WhiteTeam "SV Irxleben"]
[BlackTeam "SF Taunus"]

1. e4 e5 2. Nf3 d6 3. d4 exd4 4. Nxd4 Be7 5. Nc3 a6 6. Bd3 Nf6 7. O-O O-O 8. Re1
Bd7 9. Be3 Nc6 10. a3 Nxd4 11. Bxd4 c5 12. Be3 Be6 13. Bf4 Qd7 14. f3 Rfd8 15.
Qe2 Qe8 16. Red1 Rac8 17. Qf2 Qf8 18. Be2 Nd7 19. Nd5 Bxd5 20. exd5 Bf6 21. c3
Ne5 22. Kh1 Re8 23. Qg3 Kh8 24. Bg5 Bxg5 25. Qxg5 Nd7 26. c4 Re5 27. Qd2 Rce8
1/2-1/2

[Event "9.Offene Senioren SH 2015"]
[Site "Buesum"]
[Date "2015.09.30"]
[Round "3.67"]
[White "Howe, Dietrich"]
[Black "Vierling, Paul"]
[Result "1-0"]
[WhiteElo "1667"]
[BlackElo "1467"]
[PlyCount "95"]
[EventDate "2015.??.??"]
[WhiteTeam "SK Kaltenkirchen"]
[BlackTeam "Fehntjer SK"]

1. Nf3 Nf6 2. c4 e6 3. g3 Nc6 4. Bg2 h6 5. O-O Be7 6. d4 d5 7. cxd5 Nxd5 8. e4
Nf6 9. Nc3 Nh7 10. a3 Bg5 11. Nxg5 Nxg5 12. Be3 O-O 13. f4 Nh7 14. d5 Ne7 15.
Rc1 Bd7 16. a4 exd5 17. Nxd5 Nxd5 18. exd5 Rc8 19. Qb3 b6 20. Qc4 Re8 21. Bd4
Nf6 22. Be5 c5 23. dxc6 Be6 24. Qa6 Re7 25. Rfd1 Nd5 26. c7 Qd7 27. Bxd5 Bxd5
28. Rxd5 Qxd5 29. Qxc8+ Kh7 30. Qg8+ Kxg8 31. c8=Q+ Kh7 32. Qf5+ g6 33. Qf6 Rxe5
34. Qxe5 Qd2 35. Re1 Qb4 36. Qe7 Qd4+ 37. Kg2 Qxb2+ 38. Re2 Qg7 39. Qxa7 Qf6 40.
Qe7 Qc6+ 41. Kh3 Kg7 42. Qe5+ Kh7 43. Qe4 Qc8+ 44. Kg2 Qg4 45. f5 Qg5 46. fxg6+
fxg6 47. Qe7+ Qxe7 48. Rxe7+ 1-0

[Event "9.Offene Senioren SH 2015"]
[Site "Buesum"]
[Date "2015.09.30"]
[Round "3.68"]
[White "David, Juergen"]
[Black "Kuehnen, Gerhard"]
[Result "0-1"]
[WhiteElo "1350"]
[BlackElo "1649"]
[PlyCount "56"]
[EventDate "2015.??.??"]
[WhiteTeam "SC Lok Brandenburg"]
[BlackTeam "Flensburger SK"]

1. d4 Nf6 2. e3 d6 3. Be2 c6 4. Nf3 Nbd7 5. Nbd2 e5 6. dxe5 dxe5 7. Bd3 Nc5 8.
Nb3 e4 9. Nxc5 Bxc5 10. Be2 Qxd1+ 11. Bxd1 exf3 12. Bxf3 Bg4 13. Bd2 Bxf3 14.
gxf3 Nd7 15. Bc3 f6 16. Rg1 g5 17. Rxg5 Bb4 18. Bxb4 fxg5 19. O-O-O O-O-O 20.
Be7 Rdg8 21. Bb4 h5 22. Bc3 Rh6 23. Rg1 Rhg6 24. h3 b5 25. Kd2 Nc5 26. b3 g4 27.
fxg4 hxg4 28. hxg4 Ne4+ 0-1

[Event "9.Offene Senioren SH 2015"]
[Site "Buesum"]
[Date "2015.09.30"]
[Round "3.69"]
[White "Zechel, Rolf-Ruediger"]
[Black "Ketelsen, Herbert"]
[Result "1/2-1/2"]
[WhiteElo "1645"]
[BlackElo "1194"]
[PlyCount "48"]
[EventDate "2015.??.??"]
[WhiteTeam "SK Kaltenkirchen"]
[BlackTeam "SK Kaltenkirchen"]

1. d4 e6 2. c4 d5 3. cxd5 exd5 4. Nc3 Nf6 5. Bg5 Be7 6. Nf3 O-O 7. e3 b6 8. Bd3
Nbd7 9. Qc2 Bb7 10. O-O g6 11. a3 c5 12. Rac1 c4 13. Be2 Rc8 14. Nd2 a6 15. h4
Ne8 16. Bh6 Ng7 17. g3 Nf6 18. Nf3 Re8 19. Kg2 Bf8 20. Qd1 Rc7 21. Rh1 Ne6 22.
Bxf8 Kxf8 23. b4 Ng7 24. Re1 Rce7 1/2-1/2